Southville International School and Colleges
Your cart is empty.
  • Cart
  • Lists
    Public lists Eva Luna New books Lux_list list_1
    Your lists Log in to create your own lists
  • Log in to your account
  • Your cookies
  • Search history
Southville International School and Colleges
  • Advanced search
  • Recent comments
  • Most popular
  • Libraries

Log in to your account

Log in with GOOGLE


If you do not have an external account, but do have a local account, you can still log in:

  1. Home
  2. MARC view: Ethics and corporate social responsibility in the meetings and events industry /
Normal view MARC view ISBD view

Ethics and corporate social responsibility in the meetings and events industry / (Record no. 277368)

[ view plain ]
MARC details
000 -LEADER
fixed length control field 01878cam a2200325 i 4500
001 - CONTROL NUMBER
control field 17405321
003 - CONTROL NUMBER IDENTIFIER
control field SISC
005 - DATE AND TIME OF LATEST TRANSACTION
control field 20170130162044.0
008 - FIXED-LENGTH DATA ELEMENTS--GENERAL INFORMATION
fixed length control field 120727s2013 njua 001 0 eng
010 ## - LIBRARY OF CONGRESS CONTROL NUMBER
LC control number 2012029609
020 ## - INTERNATIONAL STANDARD BOOK NUMBER
International Standard Book Number 9781118073551 (cloth : acidfree paper)
040 ## - CATALOGING SOURCE
Original cataloging agency DLC
Language of cataloging eng
Transcribing agency DLC
Description conventions rda
Modifying agency DLC
042 ## - AUTHENTICATION CODE
Authentication code pcc
050 00 - LIBRARY OF CONGRESS CALL NUMBER
Classification number HF 5387
Item number .H4546 2013
082 00 - DEWEY DECIMAL CLASSIFICATION NUMBER
Classification number 174/.4
100 1# - MAIN ENTRY--PERSONAL NAME
Personal name Henderson, Elizabeth Anne.
Dates associated with a name 1967-
245 10 - TITLE STATEMENT
Title Ethics and corporate social responsibility in the meetings and events industry /
Statement of responsibility, etc Elizabeth Henderson, Mariela McIlwraith.
260 ## - PUBLICATION, DISTRIBUTION, ETC. (IMPRINT)
Place of publication, distribution, etc Hoboken, New Jersey :
Name of publisher, distributor, etc John Wiley & Sons Inc.,
Date of publication, distribution, etc 2013.
300 ## - PHYSICAL DESCRIPTION
Extent xxi, 300 pages :
Other physical details illustrations ;
Dimensions 25 cm.
500 ## - GENERAL NOTE
General note Includes index.
505 0# - FORMATTED CONTENTS NOTE
Formatted contents note Foreword -- Preface -- Acknowledgments -- Introduction to corporate social responsibility and ethics -- Business ethics and the meetings and events industry -- Strategies for sustainable meetings -- Social responsibility and culture -- Meetings, events, and environmental science -- Shared value and strategic corporate responsibility -- Communication, marketing, and public relations -- Sustainable supply chains for meetings and events -- Sustainability measurement and evaluation -- Sustainability reporting for meetings and events -- Risk management and legal considerations -- Backcasting and scenario planning for a sustainable meetings and events industry -- Glossary -- Index.
650 #0 - SUBJECT ADDED ENTRY--TOPICAL TERM
Topical term or geographic name as entry element Business ethics.
650 #0 - SUBJECT ADDED ENTRY--TOPICAL TERM
Topical term or geographic name as entry element Social responsibility of business.
650 #0 - SUBJECT ADDED ENTRY--TOPICAL TERM
Topical term or geographic name as entry element Congresses and conventions.
650 #0 - SUBJECT ADDED ENTRY--TOPICAL TERM
Topical term or geographic name as entry element Hospitality industry.
700 1# - ADDED ENTRY--PERSONAL NAME
Personal name McIlwraith, Mariela.
Dates associated with a name 1973-
906 ## - LOCAL DATA ELEMENT F, LDF (RLIN)
a 7
b cbc
c orignew
d 1
e ecip
f 20
g y-gencatlg
942 ## - ADDED ENTRY ELEMENTS (KOHA)
Source of classification or shelving scheme Library of Congress Classification
Koha item type Books
Call number prefix Foreign
Holdings
Withdrawn status Lost status Source of classification or shelving scheme Damaged status Home library Current library Shelving location Date acquired Source of acquisition Sub Shelving location Total Checkouts Total Renewals Full call number Barcode Date last seen Date checked out Price effective from Koha item type
    Library of Congress Classification   College Library College Library Reserve Section 01/22/2015 Library Fund   2 1 HF 5387 .H4546 2013 C19073 05/15/2018 01/05/2018 01/22/2015 Books

Ethics and corporate social responsibility in the meetings and events industry /

APA

Henderson E. A., McIlwraith M., . (2013). Ethics and corporate social responsibility in the meetings and events industry. Hoboken, New Jersey: John Wiley & Sons Inc.

Chicago

Henderson Elizabeth Anne, McIlwraith Mariela, . 2013. Ethics and corporate social responsibility in the meetings and events industry. Hoboken, New Jersey: John Wiley & Sons Inc.

Harvard

Henderson E. A., McIlwraith M., . (2013). Ethics and corporate social responsibility in the meetings and events industry. Hoboken, New Jersey: John Wiley & Sons Inc.

MLA

Henderson Elizabeth Anne, McIlwraith Mariela, . Ethics and corporate social responsibility in the meetings and events industry. Hoboken, New Jersey: John Wiley & Sons Inc. 2013.

  • Place hold
  • Print
  • Cite
  • Add to your cart (remove)
  • Save record
    BIBTEX Dublin Core MARCXML MARC (non-Unicode/MARC-8) MARC (Unicode/UTF-8) MARC (Unicode/UTF-8, Standard) MODS (XML) RIS
  • More searches
    Search for this title in:
    Other Libraries (WorldCat) Other Databases (Google Scholar) Online Stores (Bookfinder.com) Open Library (openlibrary.org)

Exporting to Dublin Core...

SOUTHVILLE LIBRARY

Southville International School and Colleges Library

1281 Tropical Ave. Cor. Luxembourg St., BF Homes International, Las Pinas City

Tel. No. 8256374 / 252358 Loc. 117/146

Powered by Koha